000 00605nam a2200169 a 4500
001 000039663
005 20201002033651.0
008 130715s2010 pr a 000 0 spa d
020 _a9789995413392
040 _aDO-SdBNP
_bspa
_cBNPHU
100 1 _aMedinacelli G., Ximena
_965854
245 1 0 _aSariri :
_blos llameros y la construcción de la sociedad colonial /
_cXimena Medinacelli G.
260 _aPerú :
_bPlural Editores
_bInstituto Francés de Estudios Andinos,
_c2010.
300 _a390 p. :
_bils. ;
_c25 cm.
500 _aIncluye notas al pie de las páginas
504 _aBibliografía : p. 373-390
999 _c39153
_d39153